Microeconomics
Na minha lista:
| Autor principal: | |
|---|---|
| Outros Autores: | , |
| Formato: | Livro |
| Idioma: | inglês |
| Publicado em: |
Harlow
PEARSON
2016
|
| Edição: | global edition |
| Colecção: | Always learning
|
| Assuntos: | |
| Tags: |
Sem tags, seja o primeiro a adicionar uma tag!
|
MARC
| LEADER | 00000nam a2200000 4500 | ||
|---|---|---|---|
| 001 | 0224808 | ||
| 005 | 20240314080002.5 | ||
| 020 | |a 1-292-07957-6 | ||
| 020 | |a 978-1-292-07957-8 | ||
| 041 | 0 | |a eng | |
| 044 | |a GB | ||
| 245 | 1 | 0 | |a Microeconomics |c Daron Acemoglu, David Laibson, John A. List |
| 250 | |a global edition | ||
| 264 | 1 | |a Harlow |b PEARSON |c 2016 | |
| 300 | |a 483 s. |e Register for access to MyEconLab | ||
| 490 | 1 | |a Always learning | |
| 830 | 0 | |a Always learning | |
| 610 | 2 | 0 | |a mikroekonomika |
| 610 | 2 | 0 | |a ekonómia |
| 610 | 2 | 0 | |a optimalizácia |
| 610 | 2 | 0 | |a ponuka |
| 610 | 2 | 0 | |a dopyt |
| 610 | 2 | 0 | |a spotrebitelia |
| 610 | 2 | 0 | |a obchod |
| 610 | 2 | 0 | |a statky verejné |
| 610 | 2 | 0 | |a dane |
| 610 | 2 | 0 | |a trh |
| 610 | 2 | 0 | |a monopoly |
| 610 | 2 | 0 | |a aukcie |
| 610 | 2 | 0 | |a ekonomika sociálna |
| 100 | 1 | |a Acemoglu, Daron | |
| 700 | 1 | |a Laibson, David | |
| 700 | 1 | |a List, John A. | |